Top 3 National Rugby Teams in each Continent - Statistics

General Stats
  • This quiz has been taken 87 times
    45 since last reset
  • The average score is 15 of 18
Answer Stats
Answer % Correct
Australia
98%
France
98%
New Zealand
98%
South Africa
95%
United States
95%
Argentina
93%
Canada
93%
Ireland
93%
Japan
93%
England
90%
Fiji
90%
Uruguay
88%
Brazil
78%
Mexico
78%
Namibia
73%
Kenya
70%
South Korea
55%
Hong Kong
43%
No matching quizzes found
Score Distribution
Percent of People with Each Score
Percentile by Number Answered
Your Score History
You have not taken this quiz since the last reset